00457nam a2200181 a 4500001001300000003000900013005001700022008004100039020001000080082001300090100002000103245004100123260003000164300000900194500003500203505001700238700002000255nice12345678IN_TiNIC20260116011701.0050524s1903 chia grp 000 0 eng  ac10000a201bBEA aBeach, Harlan P aPrincely Men in the Heavenly Kingdom aChicagobCincinnatic1903 a244p aincludes index and biblioraphy2 aMap of China1 aBeach, Harlan P